BIBLIOTECA “JULIO CORTÁZAR”
ESCUELA AGROTÉCNICA “LIBERTADOR GENERAL SAN MARTÍN” - UNR – CASILDA

Logo Escuela Logo UNR

Tablas de logaritmos : (Record no. 317)

MARC details
000 -LEADER
campo de control de longitud fija 00677nam#a22002535a#4500
001 - NÚMERO DE CONTROL
campo de control 317
008 - DATOS DE LONGITUD FIJA--INFORMACIÓN GENERAL
campo de control de longitud fija 060621s1977####ag#a###g######001#||spa#d
080 ## - NÚMERO DE LA CLASIFICACIÓN DECIMAL UNIVERSAL
Número de la Clasificación Decimal Universal 519.662
084 ## - OTRO NÚMERO DE CLASIFICACIÓN
Número de clasificación H78
040 ## - FUENTE DE CATALOGACIÓN
Centro catalogador/agencia de origen AR-ClEAG
Centro/agencia transcriptor AR-ClEAG
005 - FECHA Y HORA DE LA ÚLTIMA TRANSACCIÓN
campo de control 20241107184631.0
003 - IDENTIFICADOR DE NÚMERO DE CONTROL
campo de control AR-ClEAG
100 1# - ENTRADA PRINCIPAL--NOMBRE DE PERSONA
Nombre de persona Hoüel, J.
245 10 - MENCIÓN DEL TÍTULO
Título Tablas de logaritmos :
Resto del título a cinco decimales /
Mención de responsabilidad, etc. J. Hoüel.
250 ## - MENCION DE EDICION
Mención de edición 20ª ed.
260 ## - PUBLICACIÓN, DISTRIBUCIÓN, ETC.
Lugar de publicación, distribución, etc. Buenos Aires :
Nombre del editor, distribuidor, etc. Ateneo,
Fecha de publicación, distribución, etc. 1977.
300 ## - DESCRIPCIÓN FÍSICA
Extensión 176 p. :
Otras características físicas il. ;
Dimensiones 14 cm.
490 0# - MENCIÓN DE SERIE
Mención de serie Números y líneas geométricas
653 ## - TÉRMINO DE INDIZACIÓN--NO CONTROLADO
Término no controlado Tabla a tiempos radianes
653 ## - TÉRMINO DE INDIZACIÓN--NO CONTROLADO
Término no controlado Tabla B decimales círculo
653 ## - TÉRMINO DE INDIZACIÓN--NO CONTROLADO
Término no controlado Tabla C múltiplo
653 ## - TÉRMINO DE INDIZACIÓN--NO CONTROLADO
Término no controlado Tabla Logaritmo
942 ## - ELEMENTOS DE ENTRADA SECUNDARIOS (KOHA)
Tipo de ítem Koha Libros
980 ## - EQUIVALENCIA O REFERENCIA-CRUZADA-MENCIÓN DE SERIE--NOMBRE DE PERSONA/TÍTULO [LOCAL, CANADÁ]
Enlace 2
Nombre de persona Evangelina Gallicchio
Enlace entre campo y número de secuencia 2
Información miscelánea Evangelina Gallicchio
Holdings
Estatus retirado Estado de pérdida Fuente del sistema de clasificación o colocación Estado de daño No para préstamo Biblioteca de origen Biblioteca actual Ubicación en estantería Fecha de adquisición Número de inventario Total de préstamos Signatura topográfica completa Código de barras Visto por última vez Precio de reemplazo Tipo de ítem Koha
    Clasificación decimal universal     Julio Cortázar Julio Cortázar   07/11/2024 525   R07 519.662 H78 1 Ej.1 525 07/11/2024 07/11/2024 Libros

Contacto

Biblioteca Julio Cortázar. Escuela Agrotécnica "Libertador San Martín". Universidad Nacional de Rosario
Dirección: Ov. Lagos 1000 - 2170 Casilda - Santa Fe - Argentina
Tel: (54) (03464) 422226.
Fax: (54) (03464) 427789.
E-Mail: biblio-eac@unr.edu.ar